LEADER 01494cam0-22004811i-450- 001 990006038220403321 005 20140703113956.0 010 $a88-02-03849-X 035 $a000603822 035 $aFED01000603822 035 $a(Aleph)000603822FED01 035 $a000603822 100 $a20000112d1983----km-y0itay50------ba 101 2 $agrc$aita 102 $aIT 105 $ac---a---001by 200 1 $aCommedie$fdi Aristofane$ga cura di Giuseppe Mastromarco 210 $aTorino$cUTET$d1983 215 $a658 p.$d23 cm 225 1 $aClassici greci 303 $aTesto originale a fronte 327 0 $a1.: Contiene Acarnesi, Cavalieri, Nuvole, Vespe, Pace 500 10$aAcharnenses$m$917920 500 10$aEquites$m$919484 500 10$aNubes$m$917940 500 10$aPax$m$917942 500 10$aVespae$m$917941 676 $a882.01 700 0$aAristophanes$f$0160835 702 1$aMastromarco,$bGiuseppe 801 0$aIT$bUNINA$gRICA$2UNIMARC 901 $aBK 912 $a990006038220403321 952 $aIV M 271 (1)$b5188*$fFGBC 952 $aP2B-600-UTET-ARISTOPH.-200A(1)-1983$bBibl. 58460$fFLFBC 952 $aDirez.$b6794 ddr$fDDR 959 $aFLFBC 996 $aEquites$919484 996 $aVespae$917941 996 $aPax$917942 996 $aNubes$917940 996 $aAcharnenses$917920 997 $aUNINA LEADER 00927nam0-2200325---450- 001 990009705080403321 005 20140116192913.0 035 $a000970508 035 $aFED01000970508 035 $a(Aleph)000970508FED01 035 $a000970508 100 $a20130327d1979----km-y0itay50------ba 101 0 $aita 102 $aIT 105 $ay-------001yy 200 1 $aCarlo Piaggia e l'Africa$emostra fotografica$ecatalogo 210 $aLucca$cM. Pacini Fazzi$d1979 215 $a173 p.$cill.$d23 cm 225 1 $a<>balestra$v5 300 $aMostra tenuta a Nairobi nel 1979 610 0 $aEsplorazioni$aEsposizioni$a1979 676 $a923.9$v19$zita 700 1$aPiaggia,$bCarlo$f<1827-1882>$0196664 801 0$aIT$bUNINA$gREICAT$2UNIMARC 901 $aBK 912 $a990009705080403321 952 $aXIV E 992$b12832$fFSPBC 959 $aFSPBC 996 $aCarlo Piaggia e l'Africa$9844454 997 $aUNINA LEADER 00764nam0-22002771i-450 001 990007982380403321 005 20180409145024.0 035 $a000798238 035 $aFED01000798238 035 $a(Aleph)000798238FED01 035 $a000798238 100 $a20050111d1994----km-y0itay50------ba 101 0 $aeng 200 1 $aComputational hydraulics$fM. B. Abbott, A. W. Minne 210 $aAldershot$cAshogote$d1994 215 $aXVIII, 557 p.$d24 cm 610 0 $aIdraulica 700 1$aAbbott,$bMichael B.$0284380 701 1$aMinne,$bAnthony W.$0422071 801 0$aIT$bUNINA$2UNIMARC$gRICA 901 $aBK 912 $a990007982380403321 952 $a15 ID A/6-74$fDINID 959 $aDINID 996 $aComputational hydraulics$9752494 997 $aUNINA